| 000 | 00918nam a2200229Ia 4500 | ||
|---|---|---|---|
| 003 | Ost | ||
| 005 | 20260507075408.0 | ||
| 008 | 260507s9999||||xx |||||||||||||| ||und|| | ||
| 040 | _cfsecg | ||
| 041 | _aara | ||
| 082 | _a330 | ||
| 100 |
_aسليم، محمد محي الدين إبراهيم _eمؤلف |
||
| 245 | 0 |
_aالتسلط الإقتصادي وأثره على التوازن العقدي / _c محمد محي الدين إبراهيم سليم |
|
| 260 |
_aالإسكندرية: _bدار المطبوعات الجامعية, _c2007 |
||
| 300 |
_a190 صفحة؛ _bإيضاحات ؛ _c24 سم |
||
| 504 | _aالمراجع ص.179 | ||
| 520 | _aيضم التسلط الإقتصادي في مرحلة ابرام العقد، التسلط الإقتصادي في مرحلة تنفيذ العقد | ||
| 653 | _aالإحتكار | ||
| 653 | _aالإقتصاد | ||
| 653 | _aالعقود | ||
| 942 | _cكتاب | ||
| 999 |
_c44348 _d44348 |
||